Socialismus nebo barbarství od "amerického století" ke křižovatce dějin
Guardado en:
| Autor principal: | |
|---|---|
| Otros Autores: | |
| Formato: | Libro |
| Lenguaje: | checo |
| Publicado: |
Praha
Svoboda Servis
2009
|
| Colección: | SOK
svazek 5 |
| Materias: | |
| Etiquetas: |
Sin Etiquetas, Sea el primero en etiquetar este registro!
|
MARC
| LEADER | 00000nam a2200000 4500 | ||
|---|---|---|---|
| 001 | 0127917 | ||
| 005 | 20240313090419.4 | ||
| 020 | |a 978-80-86320-62-5 | ||
| 041 | 0 | |a cze | |
| 044 | |a CZ | ||
| 245 | 1 | 0 | |a Socialismus nebo barbarství |b od "amerického století" ke křižovatce dějin |c István Mészáros ; překlad: Michael Hauser |
| 264 | 1 | |a Praha |b Svoboda Servis |c 2009 | |
| 300 | |a 100 s. | ||
| 490 | 1 | |a SOK |v svazek 5 | |
| 830 | 0 | |a SOK |v svazek 5 | |
| 610 | 2 | 0 | |a kapitalizmus |
| 610 | 2 | 0 | |a socializmus |
| 610 | 2 | 0 | |a imperializmus |
| 610 | 2 | 0 | |a história |
| 610 | 2 | 0 | |a problémy spoločenské |
| 610 | 2 | 0 | |a nezamestnanosť |
| 610 | 2 | 0 | |a revolúcia sociálna |
| 610 | 2 | 0 | |a kapitál |
| 610 | 2 | 0 | |a vývoj hospodársky |
| 610 | 2 | 0 | |a prognózy |
| 610 | 2 | 0 | |a marxizmus |
| 100 | 1 | |a Mészáros, István | |
| 700 | 1 | |a Hauser, Michael | |